Statystyki dla Uczestnicy Teleturnieju o Grach Grafa

Kliknij tutaj aby rozwiązać quiz!

Ogólne statystyki

  • Ten quiz został rozwiązany 9 razy
  • Średni wynik to 7 z 35

Statystyki odpowiedzi

Odpowiedź% Poprawnych
Mandzio
78%
Bladii
67%
Diabeuu
56%
Dobrodziej
56%
Nexe
44%
Guzik
33%
Kasix
33%
Puzonik
33%
Slayproxx
33%
Zaha
33%
Adamek
22%
Eybi
22%
Hunter
22%
Karigoda
22%
Leesoo
22%
Mangetsuu
22%
Ryfek
22%
Volqu
22%
Azonh
11%
Gabor
11%
Yoshi
11%
Zebo
11%
BartekGM
0%
Brock
0%
Chucken
0%
Cruiser
0%
Dzunior
0%
Generator Frajdy
0%
Myha
0%
Profcio
0%
Silv4n
0%
Szymeq
0%
Tidzimi
0%
Weza
0%
Zetie
0%

Rozkład punktacji

Percentyl według liczby udzielonych odpowiedzi

Procent ludzi z każdym wynikiem

Twoja historia wyników

Nie rozwiązałeś tego quizu